| 000 | 00551nam a2200193Ia 4500 | ||
|---|---|---|---|
| 003 | IN-BaIIA | ||
| 008 | 211028s9999 xx 000 0 eng d | ||
| 020 | _a0-8008-1925-X | ||
| 040 | _cIIA Library | ||
| 080 |
_a524.8 _bCOS |
||
| 245 | 0 |
_aCosmology now _cedited by Laurie John |
|
| 260 |
_aNew York _bTaplinger Publishing _c1976 |
||
| 300 | _a168p. | ||
| 650 | _aAstronomy and astrophysics thesaurus | ||
| 650 | _aCosmology | ||
| 650 |
_aUniverse _91987 |
||
| 700 |
_aJohn, Laurie., ed. _99886 |
||
| 942 | _cBK | ||
| 999 |
_c5705 _d5705 |
||